[Event "Airthings Masters MCCT Prel 2022"]
[Site "Online"]
[Date "2022.02.13"]
[Round "15.2"]
[White "Le, Quang Liem"]
[Black "Niemann, Hans Moke"]
[Result "1/2-1/2"]
[WhiteElo "2709"]
[BlackElo "2642"]
[Annotator "TA"]
[PlyCount "178"]
[EventDate "2022.02.18"]
[EventType "tourn"]
[EventCountry "NET"]
[SourceTitle "playchess.com"]
[Source "ChessBase"]
[SourceQuality "1"]

{[%evp 12,178,0,-4,7,0,0,0,0,-22,0,-5,10,6,25,11,43,23,21,4,16,12,12,12,5,9,0,8,12,6,0,5,7,4,21,32,46,54,61,41,74,47,88,58,90,100,95,57,62,0,16,17,17,17,24,21,17,16,16,16,86,86,87,87,87,87,87,87,87,87,87,87,112,105,105,87,87,81,112,112,112,112,113,112,112,112,112,87,105,87,112,87,87,87,87,87,87,87,87,87,87,87,87,87,87,98,112,0,112,32,32,0,0,0,0,0,0,0,32,32,32,32,32,32,32,32,32,32,32,0,32,0,75,0,0,0,0,0,0,0,0,0,0,0,0,0,0,0,0,0,0,0,0,0,0,0,0,0,0,0,0,0,0,0,0,0,0,0,0]} 1. d4 Nf6 2. c4 e6 3. Nf3 d5 4. Nc3 Bb4 5. Qa4+ Nc6 6. a3 Bxc3+ 7. bxc3 Ne4 {D38: Queen's Gambit Declined: Ragozin Defence (4 Nf3 Bb4).} 8. e3 {8.Bf4 is becoming the main line.} Nxc3 9. Qc2 Ne4 10. Bd3 Nd6 {[#]} 11. Nd2 $146 ({Predecessor:} 11. c5 Nf5 12. O-O h6 13. Rb1 O-O 14. Qc3 Nfe7 15. Bd2 b6 16. Rfc1 Na5 17. Qc2 {½-½ (33) Topalov,V (2760)-Anand,V (2779) Saint Louis 2016}) 11... dxc4 12. Nxc4 Nxc4 13. Bxc4 e5 14. d5 Ne7 15. O-O O-O 16. a4 c6 17. dxc6 Nxc6 18. Ba3 {[#] aiming for Rfd1.} Re8 19. Rfd1 Qf6 20. Qb2 Be6 21. Bxe6 Qxe6 22. Qxb7 Rab8 23. Qa6 {[#] Hoping for Rd6.} Qc8 24. Qe2 Rd8 25. h3 h6 26. Rac1 Qb7 (26... Qe6 $14) 27. Bd6 Nd4 28. exd4 Rxd6 29. Qxe5 Rbd8 30. Rc3 (30. Qa5 $14) 30... Rd5 31. Qf4 {Threatening Rc7.} Qb4 {[%csl LRa4,LRc3,LRd4]} 32. Rc7 $40 {[%csl LRa7,LRf7][%mdl 128] White is up to no good.} R5d7 33. Rdc1 {[%cal Bd1c1,Bc1c7,Bc7a7][%mdl 32] And now Rxd7 would win.} Qxa4 34. Rxd7 Qxd7 $11 {[%mdl 4096] Endgame KQR-KQR} 35. Rc7 Qxd4 (35... Qe6 $11) 36. Qxf7+ $16 Kh8 37. Rxa7 Qd1+ 38. Kh2 {[%csl Ga7][%cal Rf7g7]} Qd6+ 39. g3 {[%csl Ga7][%cal Rf7g7]} Qf8 40. Qa2 {White is more active.} Qf6 41. Rf7 Qd6 42. Qb2 {[%csl Gf7][%cal Rb2g7]} Qg6 43. Rf4 Qe6 44. Qb7 Qe1 45. Qf3 Qe7 46. h4 Qe6 47. h5 Kg8 48. Rf5 Re8 49. Qg4 Kh7 50. Kh3 Qc6 {[%cal Rc6h1]} 51. f3 (51. Qd1 {with more complications.} Qb6 52. Qd5 Rd8 53. Qe4 Rd4 54. Qf3) 51... Qe6 52. Ra5 Qxg4+ 53. Kxg4 {KR-KR} Rb8 54. f4 Rb3 55. Ra8 Rc3 56. Kh4 Rc4 57. Rf8 Rb4 58. Re8 Ra4 59. Rf8 Rb4 $1 60. g4 (60. Kg4 $16) 60... Ra4 $14 61. Kg3 Ra3+ 62. Kf2 Ra2+ 63. Kg3 Ra3+ 64. Kh4 Ra4 65. f5 Ra6 66. Rc8 Ra3 67. Rc4 Rb3 68. Rc7 Kg8 69. Rc6 Kh7 70. Rc7 Kg8 71. Rc4 (71. Re7 $14 {is superior.}) 71... Kh7 $16 72. g5 (72. Rc6 $16) 72... hxg5+ $11 {The position is equal.} 73. Kxg5 Rg3+ 74. Rg4 Ra3 75. Rb4 Rg3+ 76. Kf4 Rg1 77. Rb8 Rf1+ 78. Ke5 Re1+ 79. Kd6 Kh6 80. Rg8 Re2 81. Kd5 Re1 82. Kd4 Re7 83. f6 gxf6 84. Rg6+ Kxh5 85. Rxf6 Kg5 86. Rd6 Kf5 87. Rd5+ Ke6 88. Re5+ Kf6 89. Rxe7 Kxe7 {Weighted Error Value: White=0.12 (very precise) /Black=0.09 (flawless)} 1/2-1/2

[Event "Airthings Masters MCCT Prel 2022"]
[Site "Online"]
[Date "2022.02.13"]
[Round "15.3"]
[White "Hansen, Eric"]
[Black "Keymer, Vincent"]
[Result "1/2-1/2"]
[WhiteElo "2606"]
[BlackElo "2664"]
[Annotator "TA"]
[PlyCount "123"]
[EventDate "2022.02.18"]
[EventType "tourn"]
[EventCountry "NET"]
[SourceTitle "playchess.com"]
[Source "ChessBase"]
[SourceQuality "1"]

{[%evp 9,123,18,19,19,14,11,26,14,16,7,0,7,27,14,6,6,21,11,31,-4,16,0,0,0,20,12,17,0,0,0,0,0,0,0,0,0,0,0,0,0,0,0,0,0,0,-7,-3,-8,0,-8,-8,-8,-8,-15,-8,-8,-8,-11,0,0,0,-3,0,-4,-4,-4,-4,-4,-4,-4,-4,-4,0,0,0,0,0,-8,-8,-8,-4,-4,-4,-4,0,0,0,0,0,0,0,0,0,-4,-4,-4,-4,-4,-4,-4,-4,-4,-4,-4,-4,-4,0,-4,-4,-4,-4,-4,-4,-4,0,-4]} 1. e4 c5 2. Nf3 d6 3. Bb5+ Nd7 4. c3 Ngf6 5. Bd3 a6 6. Bc2 {B51: Sicilian: Moscow Variation (3 Bb5+) without 3...Bd7.} b5 7. d4 Bb7 8. Nbd2 {White has an edge.} e6 9. O-O Be7 10. Re1 Qc7 11. Nf1 O-O 12. Ng3 Rfc8 13. Bd3 b4 14. cxb4 (14. d5 $5 {[%cal Rd5e6]}) 14... cxb4 {The position is equal.} 15. Bd2 {[#]} a5 $146 ({Predecessor:} 15... d5 16. e5 Ne4 17. Nxe4 dxe4 18. Bxe4 Bxe4 19. Rxe4 Qc2 20. Re2 Qxd1+ 21. Rxd1 Rc2 {0-1 (31) Wojtaszek,R (2698)-Preotu,R (2485) Chess.com INT 2021}) 16. a3 bxa3 17. Rxa3 Qd8 18. Qa1 {[%cal Rd2a5]} d5 19. Rxa5 dxe4 20. Nxe4 Nxe4 21. Bxe4 Bxe4 22. Rxe4 Rxa5 23. Qxa5 Qxa5 24. Bxa5 Rc2 25. Bc3 Nf6 26. Re1 Nd5 27. Rb1 g5 {[%cal Bg7g5,Bg5g4][%mdl 32]} 28. Kf1 g4 29. Ne1 {[#]} Nxc3 $1 30. bxc3 Rxc3 $11 {[%mdl 4096] Endgame KRB-KRN} 31. Rd1 Bd6 32. g3 Kg7 33. Ng2 f5 34. Ne3 Kf6 35. Ke2 h5 36. h3 gxh3 37. Rh1 h4 {[%cal Od6g3]} 38. Rxh3 hxg3 39. Rh6+ Kf7 {[%cal Oc3c2]} 40. fxg3 $1 Bxg3 {[#] White must now prevent ...Bf4.} 41. d5 exd5 42. Nxd5 Rc2+ 43. Kf3 Be5 44. Ra6 Rc5 45. Ra7+ Kg6 46. Nf4+ Kf6 47. Ra6+ Kf7 {And now ...Rc3+ would win.} 48. Ra7+ Kf6 {...Rc3+ is the strong threat.} 49. Ra6+ Kf7 {Strongly threatening ...Rc3+.} 50. Ra7+ Bc7 (50... Ke8 {seems wilder.} 51. Ne6 Rc3+ 52. Ke2 f4 53. Ng7+ Kf8) 51. Nd5 Rxd5 52. Rxc7+ {KR-KR} Kf6 53. Rc8 Rd3+ 54. Kf4 Rd4+ 55. Kf3 Ra4 56. Rf8+ Ke5 57. Re8+ Kf6 58. Rf8+ $1 Kg6 59. Rg8+ Kf7 60. Rb8 Rc4 61. Rb6 Ra4 62. Rc6 {An interesting draw.  Weighted Error Value: White=0.03 (flawless) /Black=0.02 (flawless)} 1/2-1/2

[Event "Airthings Masters MCCT Prel 2022"]
[Site "Online"]
[Date "2022.02.13"]
[Round "15.4"]
[White "Ding, Liren"]
[Black "Kosteniuk, Alexandra"]
[Result "1-0"]
[WhiteElo "2799"]
[BlackElo "2516"]
[Annotator "TA"]
[PlyCount "63"]
[EventDate "2022.02.18"]
[EventType "tourn"]
[EventCountry "NET"]
[SourceTitle "playchess.com"]
[Source "ChessBase"]
[SourceQuality "1"]

{[%evp 12,63,18,0,21,24,29,34,31,14,31,11,19,0,8,4,6,0,8,15,63,62,63,63,66,62,73,62,103,66,84,84,117,106,143,141,155,138,135,129,310,310,320,308,500,500,486,481,1047,1033,29983,29984,29995,29996]} 1. c4 c5 2. g3 Nf6 3. Bg2 d5 4. cxd5 Nxd5 5. Nc3 Nc7 6. Nf3 Nc6 7. a3 Rb8 {A34: Symmetrical English: 2 Nc3, lines with ...d5.} 8. b4 e6 9. bxc5 Bxc5 {[#] White is slightly better.} 10. Bb2 $146 ({Predecessor:} 10. O-O O-O 11. d3 e5 12. Ne4 Be7 13. Bb2 f5 14. Ned2 Bf6 15. Rc1 Re8 16. Qc2 {1-0 (69) Niemi,M (2253)-Tomazini,Z (2402) Graz 2017}) 10... O-O 11. O-O (11. Ne4 $5 {[%cal Re4c5]} Be7 12. Rc1 $14) 11... b6 12. Rc1 {next Ne4 is good for White.} Bb7 13. Ne4 Be7 14. d3 Nd5 15. Rc2 f5 (15... f6 $11) 16. Ned2 $14 Rc8 17. Qa1 Bf6 18. Rfc1 Bxb2 19. Qxb2 Qf6 (19... Qe7 $14 {feels stronger.}) 20. d4 Na5 21. Ne5 {Strongly threatening Nd7.} Qe7 {Prevents Nd7.} 22. Bxd5 Rxc2 {[#]} 23. Bxe6+ $1 {[%mdl 512]} Qxe6 24. Rxc2 Qd5 {[%csl Gb7][%cal Rd5h1]} 25. f3 f4 $2 {A mistake that costs the game.} (25... Nc6 $16) 26. Rc7 $18 Rd8 27. gxf4 Qd6 $2 (27... Qxd4+ {was worth a try.} 28. Qxd4 Rxd4) 28. Qa2+ Bd5 29. Qc2 Be6 (29... a6 $142 30. Qc3 Kf8) 30. Ne4 {Intending Nf6+ and mate.} Qxd4+ 31. Kg2 Bb3 {[#]} 32. Nf6+ $1 {[%mdl 512] Weighted Error Value: White=0.05 (flawless) /Black=0.59} 1-0

[Event "Airthings Masters MCCT Prel 2022"]
[Site "Online"]
[Date "2022.02.13"]
[Round "15.5"]
[White "Duda, Jan-Krzysztof"]
[Black "Nepomniachtchi, Ian"]
[Result "1/2-1/2"]
[WhiteElo "2760"]
[BlackElo "2773"]
[Annotator "TA"]
[PlyCount "144"]
[EventDate "2022.02.18"]
[EventType "tourn"]
[EventCountry "NET"]
[SourceTitle "playchess.com"]
[Source "ChessBase"]
[SourceQuality "1"]

{[%evp 9,144,16,6,2,9,8,11,8,30,3,31,21,20,-50,12,-35,12,17,9,9,44,51,24,2,18,21,21,8,0,10,4,0,0,0,0,0,0,0,9,0,6,2,52,47,58,54,51,39,39,45,47,57,72,70,278,298,283,289,293,288,272,75,89,78,74,74,133,130,183,177,302,283,369,367,319,189,184,176,191,118,120,118,133,61,68,0,133,121,127,126,115,122,194,184,196,195,216,206,224,210,177,193,182,75,72,55,53,39,55,18,533,533,526,139,259,8,332,29,245,46,46,46,53,0,8,0,59,59,71,71,71,0,8,0,71,0,8]} 1. e4 e5 2. Nf3 Nc6 3. Bb5 Nf6 4. d3 Bc5 5. c3 d5 6. exd5 {C65: Ruy Lopez: Berlin Defence (3...Nf6), unusual lines and 4 0-0 Bc5.} Qxd5 {[%cal Oc5f2] Hoping for ...Bxf2+!} 7. Bc4 Qd6 8. O-O O-O 9. Nbd2 {To avoid e4} Bf5 10. b4 Bb6 11. Qe2 {[#]} (11. Qc2 $1 $11) 11... Rad8 $146 (11... Nd5 $1 $15 12. Nb1 Rae8) ({Predecessor:} 11... a6 12. a4 Rfe8 13. Ng5 Bg6 14. Nde4 Nxe4 15. Nxe4 Qd7 16. h4 h6 17. Bxh6 Bxe4 18. dxe4 gxh6 {1-0 (52) Wang,H (2730)-Piorun,K (2634) St Petersburg 2018}) 12. a4 (12. Ne4 $11 {is superior.} Nxe4 13. dxe4) 12... a6 (12... Bxd3 13. Qxd3 Qxd3 14. Bxd3 Rxd3 15. a5 $16) (12... Nd5 $1 $15 13. Nb1 a6) 13. Ne4 $11 Nxe4 14. dxe4 Bg4 15. h3 (15. a5 {seems wilder.} Ba7 16. h3 Be6 17. b5 axb5 18. Bxb5 Nb8 19. Ng5) 15... Be6 16. Ba3 {a5 is the strong threat.} Bxc4 17. Qxc4 {Threatens to win with a5.} Rfe8 18. a5 Ba7 19. b5 axb5 $1 20. Bxd6 bxc4 21. Bxc7 Rd7 22. Bb6 Bxb6 23. axb6 Rd3 24. Rfc1 f6 25. Ne1 Rd2 (25... Rd6 $11) 26. Nc2 $1 $14 Rc8 27. Ne3 Ne7 28. Ra7 Rd7 29. Ra4 Rd6 30. Rb4 Rc5 31. Ra1 $1 (31. Rxc4 Rxc4 32. Nxc4 Rc6 $11) (31. Nxc4 Rdc6 32. Ne3 Rxc3 33. Rxc3 Rxc3 $11) 31... Nc8 $2 ({Black should try} 31... Kf8 $14) 32. Ra8 $18 (32. Rxc4 Rxc4 33. Nxc4 Rc6 $11) (32. Nxc4 Rdc6 33. Raa4 h5 $14) 32... Kf7 33. Rb8 (33. Nxc4 Rd7 $14) (33. Rxc4 Rxc4 34. Nxc4 Rd1+ 35. Kh2 Nd6 $11) 33... Nxb6 34. Rxb7+ Nd7 35. Rxc4 $2 (35. Nxc4 $18 Rd1+ 36. Kh2) 35... Rxc4 $16 36. Nxc4 $18 {[%mdl 4096] Endgame KRN-KRN} Rd1+ 37. Kh2 Ke6 (37... Kg8 $142) 38. Rc7 $16 Rc1 (38... g6 $16 {was worth a try.} 39. Rc6+ Ke7) 39. Rc6+ $18 Kf7 (39... Ke7 $142) 40. Nd6+ $1 Ke7 41. Nf5+ Kf7 42. f3 (42. Rc7 $142 Ke8 43. Nxg7+ Ke7 44. Rc8) 42... Rd1 43. Ne3 Rd2 44. Nd5 (44. Rc7 $18) 44... f5 45. Rc7 Ke8 46. Rc8+ (46. c4 $1 $16) 46... Kf7 $14 47. Rc7 (47. c4 $14) 47... Ke8 $16 48. c4 fxe4 49. fxe4 Rc2 50. Kg3 h6 (50... Kd8 $16) 51. Kf3 $18 Kd8 52. Rc6 $1 Ke8 53. h4 h5 54. g4 hxg4+ 55. Kxg4 Kf7 56. Kf3 (56. h5 $18) 56... Rc1 $16 57. Ne3 Rh1 58. Rc7 Ke6 59. c5 Rxh4 $2 {[%mdl 8192]} (59... Rh3+ $11 60. Ke2 Rxh4) 60. Nf5 $1 $18 Rh3+ 61. Ke2 $2 (61. Kg4 $18 {is the precise move to win.} Rh7 62. Kg5) 61... Nf8 (61... Rh2+ $16 62. Kd3 Rh1) 62. c6 $2 (62. Rxg7 Kf6 $11) (62. Nxg7+ $18 Kf6 63. Ne8+ Ke6 64. Ra7) 62... Kf6 $2 {[%mdl 8192]} (62... Rc3 $11 {and Black stays safe.}) 63. Nxg7 $2 (63. Rxg7 Rc3 $11) (63. Rb7 $18 {And now c7 would win.} Rh2+ 64. Kd3) 63... Rc3 $2 (63... Ne6 $1 $11 {and Black is okay.} 64. Nxe6 Kxe6) 64. Kd2 $2 (64. Ne8+ $18 Ke6 65. Rc8) 64... Rc5 $14 65. Ne8+ Ke6 66. Ng7+ (66. Rc8 $1 $14) 66... Kf6 $1 $11 67. Ne8+ ({White should play} 67. Nf5 $11) 67... Ke6 $14 68. Rc8 $1 Ke7 69. Nc7 $1 {White is more active.} Kd6 {[%cal Oc5c6] [#]} 70. Ne8+ (70. Rxf8 Kxc7 71. Rh8 Kxc6 $11) (70. Na6 $1 $16 {[%cal Ra6c5]} Ra5 71. Ra8 (71. Rxf8 Rxa6 72. Rd8+ Kxc6 $11) (71. Rd8+ Kxc6 72. Nb4+ Kb5 $16) 71... Kxc6 72. Nb4+ (72. Rxf8 Rxa6 73. Rc8+ Kd6 $11) 72... Kb5 73. Rb8+ (73. Rxf8 Kxb4 74. Rd8 Kc4 $11) (73. Rxa5+ Kxa5 74. Nd5 Ne6 $11) 73... Kc4 74. Nd3 (74. Rxf8 Kxb4 75. Rd8 Kc4 $11) 74... Ra2+ 75. Ke3) 70... Ke7 $11 71. Nc7 (71. Ng7 $11 Kf6 72. Nh5+ (72. Rxf8+ Kxg7 73. Rf5 Kg6 $11) 72... Ke7 73. Ng3) 71... Kd6 $16 {[%cal Oc5c6] [#]} 72. Ne8+ ({Of course not} 72. Rxf8 Kxc7 73. Rg8 Kxc6 $11) (72. Na6 $1 $16 {[%cal Ra6c5]} Ra5 73. Rd8+ (73. Rxf8 Rxa6 74. Rd8+ Kxc6 $11) 73... Kxc6 74. Nb4+ (74. Rxf8 Rxa6 75. Rf6+ Kb5 $11) (74. Nb8+ Kc7 $11) 74... Kb5 75. Rb8+ (75. Rxf8 Kxb4 76. Rd8 Ra3 $11) 75... Kc4 76. Nd3 (76. Rxf8 Kxb4 77. Rd8 Kc4 $11) 76... Ra2+ 77. Ke3) 72... Ke7 {White really could win this.  Weighted Error Value: White=0.21 (precise) /Black=0.35} 1/2-1/2

[Event "Airthings Masters MCCT Prel 2022"]
[Site "Online"]
[Date "2022.02.13"]
[Round "15.6"]
[White "Aronian, Levon"]
[Black "Esipenko, Andrey"]
[Result "0-1"]
[WhiteElo "2772"]
[BlackElo "2714"]
[Annotator "TA"]
[PlyCount "40"]
[EventDate "2022.02.18"]
[EventType "tourn"]
[EventCountry "NET"]
[SourceTitle "playchess.com"]
[Source "ChessBase"]
[SourceQuality "1"]

{[%evp 16,40,15,9,12,14,23,12,29,21,21,45,30,33,53,35,40,0,5,12,10,0,0,0,0,-2335,-1951]} 1. e4 e5 2. Nf3 Nc6 3. Bc4 Bc5 4. d3 Nf6 5. O-O O-O 6. Re1 h6 7. c3 d6 8. Nbd2 Bb6 9. Bb3 Ng4 {C54: Giuoco Piano: 4 c3 Nf6, main lines with 5 d4 and 5 d3.} 10. Re2 Na5 {[#]} 11. Bc2 $146 ({Predecessor:} 11. h3 Nxb3 12. axb3 Nf6 13. Nc4 Bd7 14. b4 Re8 15. b3 Rb8 16. Qc2 Nh5 17. d4 {0-1 (54) Maric,M (2255)-Babayeva,F (2055) Moscow 1994}) 11... f5 {The position is equal.} 12. h3 {d4 is the strong threat.} Nf6 $1 13. d4 fxe4 14. Nxe4 Nxe4 15. Rxe4 Bf5 16. Re1 (16. d5 {is interesting.} Qf6 17. Kh2 Bxe4 18. Bxe4 c5 19. Qe2) 16... Bxc2 17. Qxc2 {next a4 is good for White.} exd4 $1 {[%cal Be5d4,Bd4d3][%mdl 32] [#]} 18. Bxh6 $1 Rxf3 19. gxf3 {[%cal Oe1e6] Black must now prevent Re6!} Qh4 $1 (19... d3 $2 20. Qxd3 Qh4 21. Be3 $18) 20. Bc1 {[%mdl 8192]} ({Not} 20. b4 $2 d3 21. Qxd3 Bxf2+ 22. Kf1 Bxe1 23. Rxe1 Qxh3+ 24. Ke2 Re8+ 25. Kd1 Rxe1+ 26. Kxe1 Qxh6 $17) (20. Bd2 $11) 20... d3 $1 {Weighted Error Value: White=0.83/Black=0.01 (flawless)} 0-1

[Event "Airthings Masters MCCT Prel 2022"]
[Site "Online"]
[Date "2022.02.13"]
[Round "15.7"]
[White "Mamedyarov, Shakhriyar"]
[Black "Abdusattorov, Nodirbek"]
[Result "1-0"]
[WhiteElo "2767"]
[BlackElo "2651"]
[Annotator "TA"]
[PlyCount "115"]
[EventDate "2022.02.18"]
[EventType "tourn"]
[EventCountry "NET"]
[SourceTitle "playchess.com"]
[Source "ChessBase"]
[SourceQuality "1"]

{[%evp 18,115,29,32,40,25,53,41,50,37,49,14,86,75,81,82,139,83,74,87,87,64,82,69,80,61,88,67,129,132,115,115,119,115,132,141,231,204,203,183,231,222,222,208,289,270,258,248,233,139,133,139,150,146,133,133,149,126,178,177,484,479,588,661,660,656,648,639,701,690,652,329,341,341,303,278,280,275,278,275,549,535,549,520,547,553,527,516,558,508,705,695,29972,29973,29997,29998,29998,8816,1354,1110]} 1. d4 Nf6 2. c4 g6 3. g3 Bg7 4. Bg2 O-O 5. Nc3 d6 6. Nf3 Nbd7 7. O-O e5 8. e4 exd4 9. Nxd4 Nc5 10. f3 {[%cal Bf2f3,Bf3f4][%mdl 32]} Nfd7 {[%cal Bf6d7,Bd7e5,Be5g4][%mdl 32] E68: King's Indian: Fianchetto: 6...Nbd7 7 0-0 e5 8 e4.} 11. Be3 Ne5 12. b3 c6 {White is slightly better.} 13. Qc2 a5 {[%cal Oa5a4]} 14. Rad1 {[%cal Od4f5] [#] Nf5! is the strong threat.} Qe7 $146 (14... Qb6 $1 $11 {remains equal.}) ({Predecessor:} 14... a4 15. Nxc6 Nxc6 16. Bxc5 Qa5 17. b4 Nxb4 18. Bxb4 Qxb4 19. Nb5 Be6 20. Nxd6 Rfd8 {0-1 (46) Timmer,R-Sicherl,P Dortmund 1988}) 15. f4 $16 Ng4 16. Bc1 a4 {[#]} (16... Nh6 $142) 17. h3 ({Of course not} 17. Nxa4 $6 Nxa4 18. bxa4 Qc7 $11) (17. b4 $142 $1 {[%cal Rb4c5]} Ne6 18. Nde2) 17... axb3 18. axb3 {[%cal Ba2b3,Bb3b4,Bb4b5][%mdl 32]} Nf6 19. Kh2 Re8 {[%cal Rf6e4]} 20. Rfe1 Qc7 21. b4 Ne6 {White must now prevent ...Nxd4.} 22. Nf3 Qb6 {[#]} ({Black should play} 22... Nh5 $14) 23. b5 $1 ({Don't play} 23. Rxd6 $6 Qxb4 24. e5 Nd7 $11) 23... Qc5 24. e5 dxe5 25. Nxe5 {[%cal Rb5c6]} cxb5 26. Nxb5 Ra6 (26... Rd8 $16 {might work better.} 27. Be3 Qe7) 27. Be3 $18 Qb4 28. Rb1 Qa5 (28... Qf8 $142 29. Na7 Re7) 29. c5 Bf8 30. Nc4 Qa2 31. Rb2 Qa4 32. Qxa4 Rxa4 33. Ncd6 (33. Nb6 $18 Ra5 34. Bd2) 33... Rd8 $16 34. Nxc8 {White is much more active.} Rxc8 35. Bxb7 {This bishop pair is nice.} Rxc5 36. Bxc5 Nxc5 37. Nc3 Rc4 (37... Ra3 $16 {keeps fighting.}) 38. Nd5 $18 Bg7 (38... Nh5 {is more resistant.}) 39. Ne7+ Kf8 40. Bd5 Re4 41. Bxe4 Nfxe4 42. Rc2 Bd4 43. Nd5 Bf2 44. Rxe4 Nxe4 {[%mdl 4096] Endgame KRN-KBN} 45. Kg2 Ba7 46. Rc7 Bc5 47. Kf3 Nd2+ 48. Ke2 Ne4 (48... Nb3 {was worth a try.} 49. Kd3 Bf2) 49. Kd3 Nf2+ 50. Kc4 Ba3 51. Ra7 Bd6 52. Ra6 Ne4 53. g4 {[%cal Bg3g4,Bg4g5][%mdl 32]} Bc5 54. g5 {Threatening mate with Nf6.} Bg1 55. Nf6 Nc5 56. Ra8+ Ke7 57. Ra1 (57. Kd5 $142 h5 58. Re8#) 57... Bf2 58. Rf1 {Weighted Error Value: White=0.12 (very precise) /Black=0.42} 1-0

[Event "Airthings Masters MCCT Prel 2022"]
[Site "Online"]
[Date "2022.02.13"]
[Round "15.8"]
[White "Giri, Anish"]
[Black "Carlsen, Magnus"]
[Result "1/2-1/2"]
[WhiteElo "2772"]
[BlackElo "2865"]
[Annotator "TA"]
[PlyCount "91"]
[EventDate "2022.02.18"]
[EventType "tourn"]
[EventCountry "NET"]
[SourceTitle "playchess.com"]
[Source "ChessBase"]
[SourceQuality "1"]

{[%evp 15,91,30,37,42,35,21,30,23,18,20,20,8,0,8,6,0,2,0,0,0,0,-12,0,0,9,15,54,13,9,0,0,-13,-4,-12,-14,-24,-16,-29,0,0,0,0,-6,-21,-21,-29,-29,-29,-29,-29,-29,-29,0,0,0,0,0,0,0,0,0,0,0,0,0,0,0,0,31,27,39,26,50,0,28,0,0,0]} 1. e4 e5 2. Nf3 Nc6 3. Bb5 a6 4. Ba4 Nf6 5. O-O Be7 6. Re1 b5 7. Bb3 O-O 8. a4 $1 {[%mdl 4] outshines the older 8.c3.} Rb8 9. axb5 {C88: Closed Ruy Lopez: Anti-Marshall Systems.} axb5 10. h3 d6 11. d3 {White has an edge.} Bd7 12. Nc3 {[%cal Bb1c3,Bc3e2,Be2g3,Bg3f1,Bf1d2,Bd2f3][%mdl 32] [#]} Nb4 $146 ({Predecessor:} 12... Nd4 13. Nxd4 exd4 14. Ne2 c5 15. c3 dxc3 16. Nxc3 Qc8 17. Nd5 Nxd5 18. Bxd5 Bf6 {1-0 (75) Postler,R (2280)-Wiemer,J (1985) Eckernfoerde 2010}) 13. Ne2 c5 $1 {[%cal Oc5c4]} 14. Ng3 Qc7 15. Bd2 Nc6 $1 16. Bg5 h6 17. Bxf6 Bxf6 18. Nf1 Nd4 19. Nxd4 exd4 20. Bd5 c4 21. b3 (21. Ng3 $14 {is superior.}) 21... Be6 22. Bxe6 fxe6 23. Nd2 {[%cal Rb3c4]} c3 24. Nf3 Ra8 25. Qe2 e5 26. g3 Ra7 27. h4 Rfa8 28. Rxa7 Rxa7 29. Rd1 Ra2 30. Ne1 Qd7 31. Kg2 Kf7 {[%cal Bg8f7,Bf7e7,Be7d8,Bd8c7,Bc7b7][%mdl 32]} 32. Rb1 Ke7 33. Qd1 Qa7 34. Qg4 Kd8 35. Qe6 Qd7 36. Qg8+ Kc7 37. b4 Ra4 38. Nf3 Kb7 39. Qd5+ Qc6 {[#] White must now prevent ...Qxd5.} 40. Qf7+ Qc7 41. Qe6 Ra6 42. Nh2 Qc8 $1 43. Qf7+ Qc7 44. Qe6 Qc8 $1 45. Qf7+ Qc7 46. Qe6 {Weighted Error Value: White=0.06 (flawless) /Black=0.04 (flawless)} 1/2-1/2